<?xml version="1.0" encoding="UTF-8"?><?xml-stylesheet type="text/xsl" href="static/style.xsl"?><OAI-PMH xmlns="http://www.openarchives.org/OAI/2.0/" xmlns:xsi="http://www.w3.org/2001/XMLSchema-instance" xsi:schemaLocation="http://www.openarchives.org/OAI/2.0/ http://www.openarchives.org/OAI/2.0/OAI-PMH.xsd"><responseDate>2026-04-14T16:10:11Z</responseDate><request verb="GetRecord" identifier="oai:uvadoc.uva.es:10324/20005" metadataPrefix="marc">https://uvadoc.uva.es/oai/request</request><GetRecord><record><header><identifier>oai:uvadoc.uva.es:10324/20005</identifier><datestamp>2025-02-10T13:56:40Z</datestamp><setSpec>com_10324_38</setSpec><setSpec>col_10324_852</setSpec></header><metadata><record xmlns="http://www.loc.gov/MARC21/slim" xmlns:doc="http://www.lyncode.com/xoai" xmlns:xsi="http://www.w3.org/2001/XMLSchema-instance" xmlns:dcterms="http://purl.org/dc/terms/" xsi:schemaLocation="http://www.loc.gov/MARC21/slim http://www.loc.gov/standards/marcxml/schema/MARC21slim.xsd">
<leader>00925njm 22002777a 4500</leader>
<datafield tag="042" ind1=" " ind2=" ">
<subfield code="a">dc</subfield>
</datafield>
<datafield tag="720" ind1=" " ind2=" ">
<subfield code="a">Parras del Río, Laura</subfield>
<subfield code="e">author</subfield>
</datafield>
<datafield tag="260" ind1=" " ind2=" ">
<subfield code="c">2016</subfield>
</datafield>
<datafield tag="520" ind1=" " ind2=" ">
<subfield code="a">La investigación teórica llevada a cabo en este documento, sirve a mi objetivo de adquirir nuevos conocimientos con el fin de diseñar, a partir de ellos, una propuesta didáctica basada en cuñas motrices que se llevará a cabo en un aula real, para trabajar el interés detectado en los alumnos por saltar y mejorar esta habilidad motriz. La planificación y desarrollo de las cuñas, se hará por medio de la investigación-acción, con el fin de reflexionar sobre la práctica y como he mencionado anteriormente, cerrar este ciclo de aprendizaje mejorando mi formación como maestra a través de la experiencia y autoevaluación.</subfield>
</datafield>
<datafield tag="024" ind2=" " ind1="8">
<subfield code="a">http://uvadoc.uva.es/handle/10324/20005</subfield>
</datafield>
<datafield ind1=" " ind2=" " tag="653">
<subfield code="a">[Pendiente de asignar]</subfield>
</datafield>
<datafield tag="245" ind1="0" ind2="0">
<subfield code="a">Construcción de cuñas motrices en torno al salto en Educación Infantil</subfield>
</datafield>
</record></metadata></record></GetRecord></OAI-PMH>